Quick Pick: Harry Potter Titles in French Quiz Stats

 Plays Quiz not verified by Sporcle

Score 0/7 Timer 01:00
0 Plays Today
% Correct
Harry Potter et la Chambre des secrets
99.2%
Harry Potter et le Prisonnier d'Azkaban
99.1%
Harry Potter et l'Ordre du phénix
99%
Harry Potter et le Prince de sang-mêlé
97.9%
Harry Potter et les Reliques de la Mort
97.1%
Harry Potter et la Coupe de feu
96.9%
Harry Potter à l'école des sorciers
95.8%

You're not logged in!

Compare scores with friends on all Sporcle quizzes.
OR
Log In

Show Comments

Extras

Top Quizzes Today


Score Distribution

Your Account Isn't Verified!

In order to create a playlist on Sporcle, you need to verify the email address you used during registration. Go to your Sporcle Settings to finish the process.

Report this User

Report this user for behavior that violates our Community Guidelines.

Details: